[Event "Eastern op"]
[Site "Washington DC"]
[Date "1998.12.26"]
[Round "1"]
[White "Kaufman, Larry C"]
[Black "Inocencio, Edgarlino S"]
[Result "1-0"]
[WhiteElo "2400"]
[BlackElo "2120"]

1.d4 Nf6 2.Bg5 Ne4 3.Bf4 e6 4.f3 Bd6 5.Bxd6 Nxd6 6.e4 f5 7.Nc3 b6 8.Qd2 Ba6
9.Bxa6 Nxa6 10.O-O-O O-O 11.Qe2 Qc8 12.e5 Nf7 13.f4 c6 14.Nf3 Nb4 15.Kb1 Nd5
16.Nxd5 cxd5 17.h3 Qd8 18.g4 Nh8 19.g5 Ng6 20.Qh2 b5 21.h4 a5 22.h5 Ne7 23.g6 h6
24.Ng5 Nc8 25.Nf7 Qe7 26.Rhg1 Ra7 27.Rg3 b4 28.Rdg1 a4 29.R3g2 d6 30.Re2 dxe5
31.fxe5 Nb6 32.Reg2 Nc4 33.Qf4 b3 34.Nxh6+ gxh6 35.g7 bxc2+ 36.Kc1 Rf7 37.Qxh6 Rxg7
38.Rxg7+ Qxg7 39.Qxe6+ Kh8 40.Qc8+ Kh7 41.Qxf5+ Kh8 42.Rxg7 Rxg7 43.Qf2  1-0

[Event "Stavanger op 9899"]
[Site "Stavanger"]
[Date "1998.12.31"]
[Round "8"]
[White "Kristensen, Bjarke"]
[Black "Harestad, Hans Krogh"]
[Result "1/2-1/2"]
[WhiteElo "2425"]
[BlackElo "2235"]

1.d4 Nf6 2.Bg5 Ne4 3.Bf4 d5 4.Nd2 Bf5 5.f3 Nxd2 6.Qxd2 e6 7.e3 Bd6 8.Ne2 Nc6
9.Bxd6 Qxd6 10.Ng3 Bg6 11.Bb5 O-O-O 12.O-O f6 13.c4 dxc4 14.Rfc1 Qb4 15.Qxb4 Nxb4
16.Ne4 Nd5 17.Bxc4 Nxe3 18.Bxe6+ Kb8 19.Rc3 Nd5 20.Rb3 Bxe4 21.fxe4 Nf4 22.d5 Nxe6
23.dxe6 Rhe8 24.Rg3 g6 25.Rh3 Rxe6 26.Rxh7 Rxe4 27.Rg7 g5 28.Rf1 Re6 29.Rg6 c5
30.Rgxf6 Rxf6 31.Rxf6 Rd2 32.Rf2  1/2-1/2

[Event "Aarhus Masters op"]
[Site "Aarhus"]
[Date "1998.??.??"]
[Round "2"]
[White "Alkaersig, Ole"]
[Black "Rasmussen, Casper"]
[Result "1/2-1/2"]
[WhiteElo "2170"]
[BlackElo "2245"]

1.d4 Nf6 2.Bg5 Ne4 3.Bf4 c5 4.d5 d6 5.Nd2 Qa5 6.f3 Nxd2 7.Bxd2 Qb6 8.Bc3 e5
9.e4 Be7 10.Qd2 Qd8 11.f4 exf4 12.Qxf4 O-O 13.Nf3 Nd7 14.Bd3 f6 15.O-O Ne5
16.Qg3 Qe8 17.Nxe5 fxe5 18.Rxf8+ Qxf8 19.Bd2 Bf6 20.Be2 Qe7 21.Bg4 b5 22.Bxc8 Rxc8
23.Qg4 Rf8 24.Rf1 Qe8 25.h3 Rf7 26.b3 Qd7 27.Qe2 Bd8 28.Rxf7 Kxf7 29.c4 b4
30.Qf3+ Kg8 31.g4 Qf7 32.Kg2  1/2-1/2

[Event "Paulisto-chT "]
[Site "Americana"]
[Date "1998.??.??"]
[Round "3"]
[White "Sega, Carlos Alberto"]
[Black "Braga, Cicero"]
[Result "1/2-1/2"]
[WhiteElo "2280"]
[BlackElo "2430"]

1.d4 Nf6 2.Bg5 Ne4 3.Bh4 c5 4.f3 g5 5.fxe4 gxh4 6.e3 cxd4 7.exd4 d5 8.exd5 Qxd5
9.Nc3 Qa5 10.Qf3 Bg7 11.Bb5+ Nd7 12.Qg4 Bf6 13.Qh5 Qb4 14.Ne2 Rg8 15.a3 Qd6
16.O-O-O a6 17.Bc4 Bg5+ 18.Kb1 Qg6 19.Qf3 Nf6 20.Rhf1 Rg7 21.Nd5 Nxd5 22.Bxd5 Rb8
23.g4 hxg3 24.Nxg3 e6 25.Bb3 Be7 26.Nh5 Rg8 27.d5 Bd7 28.Nf4 Qg4 29.dxe6 fxe6
30.Qxg4 Rxg4 31.Bxe6 Bxe6 32.Nxe6 Rc8 33.Rf2 Rc6 34.Re2 Kf7 35.Nd8+ Bxd8
36.Rxd8 Rc7 37.Rd6 Rg6 38.Rf2+ Kg7 39.Rd3 Rf6 40.Re2 Kf7 41.b3 Rc5 42.Rh3 h5
43.Rhe3 b5 44.Re7+ Kg6 45.Rg2+ Rg5 46.Rg7+ Kxg7 47.Rxg5+ Kh6 48.Re5 h4 49.Kb2 Rf2
50.Re6+ Kg5 51.Rxa6 Rxh2 52.Ra8 h3 53.a4 bxa4 54.bxa4 Rf2 55.Rh8 Kg4 56.Rg8+ Kf3
57.a5 h2 58.Rh8 Kg2 59.Rg8+ Kf1 60.Rh8 Kg2 61.Rg8+  1/2-1/2

[Event "Bayern-ch Bank Hofmann 2nd"]
[Site "Bad Wiesse"]
[Date "1998.??.??"]
[Round "6"]
[White "Teske, Henrik"]
[Black "Klundt, Klaus"]
[Result "0-1"]
[WhiteElo "2510"]
[BlackElo "2355"]

1.d4 Nf6 2.Bg5 Ne4 3.Bf4 d5 4.f3 Nf6 5.e4 e6 6.Nc3 Bb4 7.e5 Nfd7 8.Ne2 O-O
9.a3 Be7 10.Be3 c5 11.f4 Nc6 12.Qd2 Nb6 13.b3 Nd7 14.g3 b6 15.Bg2 Ba6 16.a4 cxd4
17.Nxd4 Nxd4 18.Bxd4 Bb4 19.O-O-O Rc8 20.Kb2 Qc7 21.Rhe1 Nb8 22.Bf1 Nc6 23.Bxa6 Nxd4
24.Bxc8 Rxc8 25.Nxd5 exd5 26.Qxb4 Qxc2+ 27.Ka3 Qxd1  0-1

[Event "Bad Zwesten op"]
[Site "Bad Zwesten"]
[Date "1998.??.??"]
[Round "2"]
[White "Starke, Dieter"]
[Black "Peters, John A"]
[Result "1/2-1/2"]
[WhiteElo "2250"]
[BlackElo "2470"]

1.d4 Nf6 2.Bg5 Ne4 3.Bf4 c5 4.f3 Nf6 5.d5 d6 6.e4 g6 7.c4 Bg7 8.Nc3 O-O 9.Bd3 Qa5
10.Ne2 Na6 11.a3 Nd7 12.O-O Ne5 13.Bxe5 Bxe5 14.f4 Bg7 15.f5 Bd7 16.Rf3 Nc7
17.a4 a6 18.Ra3 Ne8 19.Qc2 Nf6 20.h3 Be8 21.g4 Nd7 22.Rf1 Ne5 23.Nc1 Bf6
24.Qd2 g5 25.N1a2 Kg7 26.Be2 h6 27.Rb1 Qc7 28.a5  1/2-1/2

[Event "Regionalliga NW9899"]
[Site "Bayern"]
[Date "1998.??.??"]
[Round "?"]
[White "Graef, Harald"]
[Black "Solomunovic, Igor"]
[Result "1/2-1/2"]
[WhiteElo "2155"]
[BlackElo "2370"]

1.d4 Nf6 2.Bg5 Ne4 3.Bf4 c5 4.f3 Qa5+ 5.Nd2 Nxd2 6.Bxd2 Qb6 7.d5 d6 8.e4 Nd7
9.Bc3 Nf6 10.Qd2 a6 11.a4 e5 12.a5 Qd8 13.Bc4 Be7 14.Ne2 O-O 15.O-O Ne8 16.f4 exf4
17.Nxf4 Bf6 18.Rae1 Bxc3 19.Qxc3 Nf6 20.e5 dxe5 21.Rxe5 h6 22.Nh5  1/2-1/2

[Event "Landesliga Nord9798"]
[Site "Bayern"]
[Date "1998.??.??"]
[Round "?"]
[White "Rebscher, Ralf"]
[Black "Grafl, Reinhard"]
[Result "0-1"]
[WhiteElo "1920"]
[BlackElo "1885"]

1.d4 Nf6 2.Bg5 Ne4 3.Bf4 d5 4.f3 Nf6 5.c4 e6 6.Nc3 c5 7.cxd5 Nxd5 8.Nxd5 exd5
9.a3 Nc6 10.dxc5 Bxc5 11.b4 Bd4 12.Ra2 Qb6 13.e3 Bc3+ 14.Kf2 Be6 15.Bd6 d4
16.Bc5 dxe3+ 17.Bxe3 Bd4 18.Bxd4 Nxd4 19.Rb2 O-O 20.g3 Nc2+  0-1

[Event "Landesliga Nord9798"]
[Site "Bayern"]
[Date "1998.??.??"]
[Round "?"]
[White "Eiber, Manfred"]
[Black "Engelmann, Wolfgang"]
[Result "1/2-1/2"]
[WhiteElo "2205"]
[BlackElo "2165"]

1.d4 Nf6 2.Bg5 Ne4 3.Bf4 d5 4.f3 Nd6 5.Nc3 e6 6.e4 c6 7.Bd3 Be7 8.Qd2 b6
9.Nge2 Ba6 10.O-O O-O 11.b3 Nc4 12.Bxc4 dxc4 13.Rfd1 Nd7 14.Kh1 Nf6 15.Rab1 cxb3
16.axb3 Bb4 17.Qe3 Qd7 18.Na2 Be7 19.c4 Bb7 20.Bg5 h6 21.Bf4 Nh5 22.Bg3 Nxg3+
23.hxg3 a5 24.Nac3 b5 25.c5 Qc7 26.f4 f6 27.e5 f5 28.Qf3 Ra7 29.g4 Bc8 30.Ra1 Bd7
31.g3 Bd8 32.Kg2 Be8 33.gxf5 Rxf5 34.Rh1 Rf8 35.Qg4 Qd7 36.Rxh6 b4 37.Rah1 bxc3
38.Rh8+ Kf7 39.R1h7 Rg8 40.Qh5+ Ke7 41.Qh4+ Kf8 42.Rxg8+ Kxg8 43.Rh8+ Kf7
44.Qh5+ Ke7 45.Qh4+ Kf7 46.Qh7 Bc7 47.Qh5+  1/2-1/2

[Event "Oberliga Bayern9798"]
[Site "Bayern"]
[Date "1998.??.??"]
[Round "?"]
[White "Pflug, Matthias"]
[Black "Heimrath, Wolfgang"]
[Result "1-0"]
[WhiteElo "2080"]
[BlackElo "2160"]

1.d4 Nf6 2.Bg5 Ne4 3.Bf4 c5 4.f3 Nf6 5.c3 d5 6.dxc5 Nc6 7.b4 e5 8.Bg5 a5
9.Qd2 axb4 10.cxb4 Nd4 11.e3 Nb3 12.axb3 Rxa1 13.Qb2 Ra8 14.Qxe5+ Be7 15.Bd3 O-O
16.Ne2 Re8 17.Qd4 h6 18.Bh4 Nh7 19.Bxe7 Qxe7 20.Kf2 Nf6 21.Nbc3 Ra3 22.Nb5 Rxb3
23.Nd6 Rd8 24.Ra1 b6 25.Ra8 Be6 26.Rxd8+ Qxd8 27.Nf4 bxc5 28.bxc5 Qa5 29.Be2 Qc3
30.Nb5 Qc2 31.Kg3 Nd7 32.Bd1 Qc4 33.Bxb3 Qxb3 34.Nc7 Nf8  1-0

[Event "Regionalliga SW9899"]
[Site "Bayern"]
[Date "1998.??.??"]
[Round "?"]
[White "Reppert, Stefan"]
[Black "Klinger, Thomas"]
[Result "1/2-1/2"]
[WhiteElo "1960"]
[BlackElo "1985"]

1.d4 Nf6 2.Bg5 Ne4 3.Bh4 d5 4.Nd2 Nxd2 5.Qxd2 g6 6.e3 Bg7 7.c4 c6 8.h3 O-O
9.Nf3 Nd7 10.cxd5 cxd5 11.Bd3 Re8 12.O-O Qb6 13.Bg3 e5 14.dxe5 Nxe5 15.Nxe5 Bxe5
16.Bxe5 Rxe5 17.Rfc1 d4 18.exd4 Qxd4 19.Rc4 Qd8 20.Qc3 Rd5 21.Be4 Rd1+ 22.Rxd1  1/2-1/2

[Event "Regionalliga NW9798"]
[Site "Bayern"]
[Date "1998.??.??"]
[Round "?"]
[White "Stauch, Frank"]
[Black "Trost, Hajo"]
[Result "1-0"]
[WhiteElo "2075"]
[BlackElo "1970"]

1.d4 Nf6 2.Bg5 Ne4 3.h4 d5 4.Nd2 Nxg5 5.hxg5 g6 6.e3 e6 7.f4 c5 8.Ngf3 Qb6
9.Qb1 Nc6 10.c3 Bd7 11.Bd3 cxd4 12.exd4 Bg7 13.Qc2 Qc7 14.g3 Ne7 15.Qb3 O-O-O
16.O-O-O Qa5 17.Rde1 Kb8 18.a3 Rc8 19.Qb4 Qxb4 20.axb4 Nf5 21.Bxf5 gxf5 22.Kb1 Bb5
23.Kc2 a6 24.Ne5 Bxe5 25.Rxe5 h6 26.g6 fxg6 27.Rxe6 Rc6 28.Re5 Rd6 29.Nf3 h5
30.Rhe1 Rg8 31.R1e3 Kc8 32.Nh4 Bd7 33.Re7 Kd8 34.Rf7 Re8 35.Re5 b6 36.Rg7 Ree6
37.Kd2 Be8 38.Ra7 b5 39.Rg7 Bd7 40.Rxe6 Rxe6 41.Nxg6 Be8 42.Nh4 Rh6  1-0

[Event "Oberliga Bayern9899"]
[Site "Bayern"]
[Date "1998.??.??"]
[Round "?"]
[White "Cech, Pavel"]
[Black "Hartmann, Wolfram"]
[Result "1-0"]
[WhiteElo "2325"]
[BlackElo "2220"]

1.d4 Nf6 2.Bg5 Ne4 3.Bf4 c5 4.f3 Qa5+ 5.c3 Nf6 6.Nd2 cxd4 7.Nb3 Qd8 8.cxd4 d5
9.e3 e6 10.Bg5 Bd6 11.Bd3 O-O 12.f4 Nbd7 13.Nf3 Qb6 14.O-O Ne4 15.Bxe4 dxe4
16.Nfd2 Qc6 17.Rc1 Qd5 18.Qc2 h6 19.Bh4 g5 20.Bg3 f5 21.Nb1 Nf6 22.Nc3 Qc6
23.Qe2 a6 24.Na5 Qd7 25.Nc4 Bc7 26.fxg5 hxg5 27.Ne5 Qh7 28.Qc4 Nh5 29.Nxe4 Bxe5
30.Bxe5 fxe4 31.Rxf8+ Kxf8 32.Qxc8+ Rxc8 33.Rxc8+ Kf7 34.Rc7+ Kg6 35.Rxh7 Kxh7
36.h3 Kg6 37.Kf2 Nf6 38.Bxf6 Kxf6 39.Kg3 Kf5 40.h4  1-0

[Event "Oberliga Bayern9798"]
[Site "Bayern"]
[Date "1998.??.??"]
[Round "?"]
[White "Cech, Pavel"]
[Black "Beim, Valery"]
[Result "0-1"]
[WhiteElo "2330"]
[BlackElo "2510"]

1.d4 Nf6 2.Bg5 Ne4 3.h4 c5 4.d5 Qb6 5.Nd2 Nxd2 6.Bxd2 Qxb2 7.Rh3 d6 8.Bc3 Qb6
9.Rg3 e5 10.dxe6 Bxe6 11.Rb1 Qc7 12.e4 Nc6 13.Ne2 O-O-O 14.Nf4 d5 15.Nxd5 Bxd5
16.exd5 Nb4 17.Bxb4 cxb4 18.Be2 Qf4 19.Rg4 Qe5 20.Qd4 Re8 21.Qxe5 Rxe5 22.Rg5 f5
23.Rd1 Bd6 24.Kf1 g6 25.h5 Re7 26.g3 Rg7 27.hxg6 hxg6 28.Bd3 Rf8 29.Re1 Be7
30.Rxe7 Rxe7 31.Rxg6 Re5 32.d6 Kd7 33.Rg7+ Kxd6 34.Rxb7 a5 35.f4 Rc5 36.Kf2 Rc3
37.Ke3 Ra3 38.Kd4 Rd8 39.Rh7 Kc6+ 40.Ke5 Rxa2 41.Bxf5 Rd5+ 42.Ke6 Rxf5 43.Kxf5 Rxc2
44.Rh6+ Kb5 45.Rh8 a4 46.Rb8+ Kc4 47.Ra8 a3 48.g4 a2 49.g5 b3  0-1

[Event "Berliner Sommer 16th"]
[Site "Berlin"]
[Date "1998.??.??"]
[Round "1"]
[White "Schuckar, Donald"]
[Black "Kupreichik, Viktor D"]
[Result "0-1"]
[WhiteElo "2015"]
[BlackElo "2505"]

1.d4 Nf6 2.Bg5 Ne4 3.Bf4 c5 4.f3 Qa5+ 5.c3 Nf6 6.Nd2 cxd4 7.Nb3 Qb6 8.Qxd4 Qxd4
9.Nxd4 d6 10.e4 e5 11.Nb5 exf4 12.Nc7+ Kd8 13.Nxa8 Nc6 14.b4 b6 15.a4 Bb7
16.Nxb6 axb6 17.Nh3 Kc7 18.Bb5 d5 19.Nxf4 dxe4 20.fxe4 Ne5 21.O-O Bd6 22.Nd5+ Nxd5
23.exd5 Bxd5 24.c4 Be4 25.a5 Bxb4 26.axb6+ Kxb6 27.Ra4 Bc5+ 28.Kh1 Rd8 29.Ra2 Rd3
30.Be8 f5 31.Rb1+ Kc7 32.Ra5 Kd8 33.Bh5 Rd2  0-1

[Event "Berliner Sommer 16th"]
[Site "Berlin"]
[Date "1998.??.??"]
[Round "7"]
[White "Nei, Iivo"]
[Black "Stocek, Jiri"]
[Result "0-1"]
[WhiteElo "2365"]
[BlackElo "2470"]

1.d4 Nf6 2.Bg5 Ne4 3.Bf4 c5 4.f3 Qa5+ 5.c3 Nf6 6.dxc5 Qxc5 7.e4 e5 8.Bg5 Be7
9.Qd2 d5 10.exd5 Nxd5 11.Bxe7 Nxe7 12.Na3 O-O 13.Nc4 Be6 14.Qd6 Qc8 15.Qxe7 Bxc4
16.Qh4 Bxf1 17.Kxf1 Rd8 18.Ne2 Na6 19.Qg5 Nc5 20.b4 Nd3 21.Rd1 h6 22.Qe3 Qc4
23.g3 Nb2 24.Rxd8+ Rxd8 25.Qxe5 Rd1+ 26.Kg2 Rd2 27.Qe8+ Kh7 28.Kf2 Nd3+ 29.Ke3 Qxa2
30.Nd4 Nf2 31.Re1 Rd3+ 32.Kf4 Qd2+  0-1

[Event "Biel"]
[Site "Biel"]
[Date "1998.??.??"]
[Round "9"]
[White "Landenbergue, Claude"]
[Black "Mittelman, Gur"]
[Result "0-1"]
[WhiteElo "2420"]
[BlackElo "2415"]

1.d4 Nf6 2.Bg5 Ne4 3.Bf4 c5 4.f3 Qa5+ 5.c3 Nf6 6.Nd2 cxd4 7.Nb3 Qb6 8.Qxd4 Nc6
9.Qxb6 axb6 10.e4 d5 11.exd5 Nxd5 12.Bd2 e5 13.a3 Be6 14.c4 Nf6 15.Rc1 Be7
16.Ne2 O-O 17.Be3 Nd7 18.Nc3 Nc5 19.Nxc5 Bxc5 20.Bxc5 bxc5 21.Be2 Rfd8 22.Nb5 Rac8
23.Rf1 f5 24.Rf2 Nd4 25.Nxd4 cxd4 26.Bd3 Re8 27.Kd2 Bd7 28.Re1 Re7 29.Bc2 Kf7
30.a4 b6 31.Kd3 Bc6 32.b4 Kf6 33.Bb3 Rd8 34.b5 Be8 35.Ra1 Kg5 36.Re1 Kf6
37.Ra1 g5 38.a5 bxa5 39.Rxa5 Kg7 40.Re2 e4+  0-1

[Event "Bled op"]
[Site "Bled"]
[Date "1998.??.??"]
[Round "1"]
[White "Brumen, Dinko"]
[Black "Skok, Joze"]
[Result "1-0"]
[WhiteElo "2385"]
[BlackElo "2145"]

1.d4 Nf6 2.Bg5 Ne4 3.Bf4 d5 4.e3 g6 5.Bd3 Bg7 6.f3 Nf6 7.Nd2 O-O 8.Ne2 Nbd7
9.O-O c5 10.c3 Nh5 11.Bg5 Bf6 12.Bxf6 Nhxf6 13.f4 e6 14.Qe1 Kg7 15.Nf3 h6
16.Ne5 b6 17.Rf3 Bb7 18.Rd1 c4 19.Bc2 b5 20.Qg3 Ne4 21.Qh3 h5 22.Ng3 Ndf6
23.Nxe4 dxe4 24.Rg3 Rh8 25.Rf1 Bc8 26.Rg5 Rh6 27.Qh4 Bb7 28.f5 exf5 29.Rfxf5 Bc8
30.Rf1 Be6 31.Nc6 Qd6 32.Rxf6 Qxc6 33.Bxe4 Qc8 34.Bxa8 Qxa8 35.Rxb5 Rh8 36.Rxe6 fxe6
37.Qe7+ Kh6 38.Rb7 Qf8 39.Rxa7 Qxe7 40.Rxe7 Rb8 41.Rxe6 Rxb2 42.Rc6  1-0

[Event "Slovan op"]
[Site "Bratislava"]
[Date "1998.??.??"]
[Round "7"]
[White "Rohacek, Miroslav"]
[Black "Markos, Jan"]
[Result "0-1"]
[WhiteElo "2100"]
[BlackElo "2225"]

1.d4 Nf6 2.Bg5 Ne4 3.h4 c5 4.d5 Qb6 5.Bc1 e6 6.dxe6 dxe6 7.Qd3 Nd6 8.Na3 Nc6
9.c3 e5 10.e4 Be6 11.Qc2 O-O-O 12.Be3 f5 13.f3 fxe4 14.fxe4 Nxe4 15.Bc4 Bf5
16.Bd3 Rxd3 17.Nc4 Qd8 18.Ne2 Be6 19.Nc1 Bxc4 20.Nxd3 Qxd3 21.Qxd3 Bxd3 22.O-O-O c4
23.Rh3 Bc5 24.Bxc5 Nxc5 25.Rg3 g6 26.h5 Ne4  0-1

[Event "Bratto op"]
[Site "Bratto"]
[Date "1998.??.??"]
[Round "?"]
[White "Piva, Giorgio"]
[Black "Gurevich, Dmitry"]
[Result "0-1"]
[WhiteElo "2165"]
[BlackElo "2540"]

1.d4 Nf6 2.Bg5 Ne4 3.Bf4 c5 4.f3 Qa5+ 5.c3 Nf6 6.d5 Qb6 7.b3 d6 8.e4 g6 9.c4 Bg7
10.Nc3 O-O 11.Qd2 Qa5 12.Rc1 Re8 13.Bd3 a6 14.Bh6 Bh8 15.h3 e6 16.Nge2 exd5
17.exd5 Nbd7 18.O-O b5 19.f4 Rb8 20.Ng3 bxc4 21.bxc4 Rb7 22.Rfe1 Rxe1+ 23.Qxe1 Qd8
24.Qd2 Ng4 25.hxg4 Qh4 26.g5 Rb2 27.Rc2 Bd4+ 28.Kf1 Rxc2 29.Bxc2 Qxg3 30.Ne4 Qh2
31.Nf2 Qh4 32.Nh3 Nf8 33.Nf2 Bg4 34.Bd3 Nd7 35.Qe1 Qxf2+ 36.Qxf2 Bxf2 37.Kxf2 a5
38.Ke3 Nb6 39.Kd2 Bf5  0-1

[Event "Wch-09 blind "]
[Site "Brno"]
[Date "1998.??.??"]
[Round "6"]
[White "Martinez Garcia, Jose"]
[Black "Krylov, Sergey"]
[Result "1/2-1/2"]
[WhiteElo "2190"]
[BlackElo "2320"]

1.d4 Nf6 2.Bg5 Ne4 3.Bf4 c5 4.f3 Nf6 5.d5 Qb6 6.e4 Qxb2 7.Nd2 Qc3 8.Rb1 Qa5
9.Rb5 Qd8 10.Rxc5 e5 11.Rxc8 Qxc8 12.Bxe5 Be7 13.Nc4 O-O 14.Bd3 Ne8 15.Ne2 d6
16.Ba1 Nd7 17.O-O Bf6 18.Kh1 Qc5 19.Ng3 Nb6 20.Nd2 Na4 21.Nb3 Qb4 22.Bxf6 Nxf6
23.Nf5 Rfd8 24.Qc1 Ne8 25.Nbd4 a6 26.Qg5 Rd7 27.f4 Nc3 28.e5 dxe5 29.fxe5 Nxd5
30.Nh6+ Kh8 31.Nxf7+ Rxf7 32.Rxf7 Kg8 33.Rf1 Qxd4 34.Bxh7+ Kxh7 35.Qh5+ Kg8
36.Qf7+  1/2-1/2

[Event "Anderlecht rap"]
[Site "Brussels "]
[Date "1998.??.??"]
[Round "11"]
[White "Winants, Luc"]
[Black "Hamdouchi, Hichem"]
[Result "1/2-1/2"]
[WhiteElo "2480"]
[BlackElo "2555"]

1.d4 Nf6 2.Bg5 Ne4 3.Bf4 d5 4.e3 Bf5 5.Bd3 e6 6.Nd2 Nc6 7.Bxe4 dxe4 8.Ne2 Bg6
9.O-O Bd6 10.Bxd6 cxd6 11.c4 d5 12.Nc3 Qd7 13.Qb3 Rd8 14.Qa3 Qe7 15.Qb3 O-O
16.cxd5 exd5 17.Nxd5 Qg5 18.Nc3 Nxd4 19.exd4 Qxd2 20.Rad1 Qg5 21.Qxb7 e3
22.fxe3 Qxe3+ 23.Kh1 Rb8 24.Qxa7 Rxb2 25.Nd5 Qe2 26.Ne7+ Kh8 27.Nxg6+ hxg6
28.Rg1 Rxa2 29.Qd7 Kg8 30.d5  1/2-1/2

[Event "Budapest FS06 GM"]
[Site "Budapest"]
[Date "1998.??.??"]
[Round "3"]
[White "Rabinovich, Alexander"]
[Black "Roeder, Mathias"]
[Result "1/2-1/2"]
[WhiteElo "2425"]
[BlackElo "2435"]

1.d4 Nf6 2.Bg5 Ne4 3.Bf4 c5 4.d5 Qb6 5.Bc1 g6 6.f3 Nf6 7.Nh3 Bg7 8.e4 O-O
9.Be2 d6 10.Nf2 e6 11.c4 Na6 12.O-O exd5 13.cxd5 Qd8 14.Nc3 Nc7 15.a4 a6
16.Bg5 h6 17.Be3 Rb8 18.a5 b6 19.axb6 Rxb6 20.Qd2 Kh7 21.e5 Nd7 22.exd6 Nb5
23.Nxb5 axb5 24.Ne4 Re8 25.Rac1 c4 26.Bxb6 Qxb6+ 27.Kh1 Bd4 28.Rcd1 Bg7 29.Rfe1 f5
30.Ng3 Qxd6 31.b3 c3 32.Qc2 b4 33.Nxf5 gxf5 34.Qxf5+ Kg8 35.Bd3 Ne5 36.Qh7+ Kf7
37.Bc2 Rh8 38.Qe4 Bd7 39.Qf4+ Bf6 40.Re4 Rb8 41.h3 h5 42.g4 hxg4 43.fxg4 Kg8
44.Qh6 Nf7 45.Qh5 Kg7 46.Re3 Rh8  1/2-1/2

[Event "ARG-ch sf"]
[Site "Buenos Aires"]
[Date "1998.??.??"]
[Round "8"]
[White "Minzer, Claudio Javier"]
[Black "Quiroga, Facundo"]
[Result "0-1"]
[WhiteElo "2380"]
[BlackElo "2380"]

1.d4 Nf6 2.Bg5 Ne4 3.Bf4 d5 4.f3 Nf6 5.e4 c5 6.Nc3 cxd4 7.Nb5 Na6 8.Qxd4 e6
9.O-O-O Bc5 10.Qd2 O-O 11.e5 Nd7 12.Bd3 Qb6 13.Kb1 Nb4 14.Nh3 Nxd3 15.Qxd3 Be7
16.Nd4 Nc5 17.Qe3 Bd7 18.Bg5 Na4 19.Qb3 Bc5 20.Be3 Rfc8 21.f4 Qxb3 22.axb3 Nb6
23.Rhe1 a5 24.Nf3 a4 25.Bxc5 Rxc5 26.Nd4 axb3 27.cxb3 Nc8 28.Rc1 b6 29.b4 Rc4
30.Rxc4 dxc4 31.Rd1 Ne7 32.Ng5 Nd5 33.f5 exf5 34.e6 fxe6 35.Ndxe6 Bc6 36.Nd4 Ba4
37.Re1 h6 38.Nge6 Nxb4 39.Rc1 Bb3 40.Nxb3 cxb3 41.Rc7 Re8 42.Rxg7+ Kh8 43.Rg6 Nd3  0-1

[Event "Cannes op"]
[Site "Cannes"]
[Date "1998.??.??"]
[Round "1"]
[White "Kinsman, Andrew PH"]
[Black "Berthelot, Yannick"]
[Result "1-0"]
[WhiteElo "2430"]
[BlackElo "2285"]

1.d4 Nf6 2.Bg5 Ne4 3.Bf4 c5 4.d5 Qb6 5.Bc1 g6 6.f3 Nd6 7.Nc3 Bg7 8.e3 c4
9.Nh3 Na6 10.Be2 Nc7 11.Nf2 Qa5 12.e4 Ncb5 13.O-O Nxc3 14.bxc3 Bxc3 15.Bf4 Bxa1
16.Qxa1 O-O 17.e5 Nf5 18.g4 Ng7 19.d6 Ne6 20.Bh6 b5 21.f4 Bb7 22.f5 Qb6 23.fxe6 fxe6
24.dxe7 Rf7 25.Qc3 Qc6 26.Qg3 Rxe7 27.Rd1 Rf7 28.Rd6 Qc5 29.Qe3 Qb4 30.Bf1 Qb1
31.Qc1 Qxa2 32.Bg2 Bxg2 33.Kxg2 c3 34.Rd4 Qa6 35.Rf4 Qb7+ 36.Kg3 d5 37.exd6 Rd8
38.Ne4 e5 39.Rxf7 Qxf7 40.Qg5  1-0

[Event "Cannes op"]
[Site "Cannes"]
[Date "1998.??.??"]
[Round "7"]
[White "Bouaziz, Slim"]
[Black "Berthelot, Yannick"]
[Result "1-0"]
[WhiteElo "2385"]
[BlackElo "2285"]

1.d4 Nf6 2.Bg5 Ne4 3.Bf4 c5 4.f3 Qa5+ 5.c3 Nf6 6.d5 e6 7.e4 exd5 8.exd5 Qb6
9.Na3 Nxd5 10.Qxd5 Qxb2 11.Rc1 Qxa3 12.Bc4 Be7 13.Qxf7+ Kd8 14.Qxg7 Re8 15.Ne2 Qa4
16.Qf7 Nc6 17.O-O Na5 18.Bb3 Nxb3 19.axb3 Qa6 20.Rfe1 Qg6 21.Qd5 Qc6 22.Qd3 Qg6
23.Qd2 d6 24.Ng3 b6 25.Ne4 Kc7 26.Nxd6 Bxd6 27.Rxe8  1-0

[Event "Cappelle op"]
[Site "Cappelle la Grande"]
[Date "1998.??.??"]
[Round "1"]
[White "Teske, Henrik"]
[Black "Mohandesi, Shahin"]
[Result "1-0"]
[WhiteElo "2475"]
[BlackElo "2285"]

1.d4 Nf6 2.Bg5 Ne4 3.h4 d5 4.Nd2 h6 5.Nxe4 dxe4 6.Bf4 e6 7.e3 Bd6 8.Qg4 Kf8
9.Bxd6+ Qxd6 10.O-O-O f5 11.Qh5 Nd7 12.Bc4 Nf6 13.Qe2 Bd7 14.Nh3 Be8 15.Nf4 Bf7
16.Bb3 c6 17.f3 a5 18.a3 b5 19.Ba2 Ke7 20.c4 e5 21.fxe4 fxe4 22.dxe5 Qxe5
23.cxb5 Qxb5 24.Bxf7 Kxf7 25.Rd4 g5 26.Qxb5 cxb5 27.Nd5 Rhc8+ 28.Kb1 Rc4
29.Rxc4 bxc4 30.Rf1 Ra6 31.hxg5 hxg5 32.Kc2 Kg6 33.Nxf6  1-0

[Event "Ceske Budejovice op"]
[Site "Ceske Budejovice"]
[Date "1998.??.??"]
[Round "?"]
[White "Starostits, Andris"]
[Black "Sergeev, Vladimir"]
[Result "0-1"]
[WhiteElo "2140"]
[BlackElo "2440"]

1.d4 Nf6 2.Bg5 Ne4 3.Bf4 d5 4.e3 c5 5.Nd2 Nxd2 6.Qxd2 Nc6 7.Nf3 cxd4 8.exd4 Bf5
9.Bd3 Bxd3 10.Qxd3 e6 11.O-O Be7 12.Rfe1 Rc8 13.c3 a6 14.Ne5 O-O 15.Re3 Nxe5
16.Bxe5 Bg5 17.Rh3 f5 18.Re1 Rc6 19.Kh1 Rf7 20.f4 Be7 21.g4 g6 22.gxf5 Rxf5
23.Rg1 Bf6 24.Re3 Qe7 25.Qe2 Qf7 26.Re1 Bxe5 27.Rxe5 Rxf4 28.Rxe6 Rxe6 29.Qxe6 Rf1+
30.Kg2 Rf2+ 31.Kg3 Rxb2 32.Qxf7+ Kxf7 33.Re5 Rc2 34.Rxd5 Rxc3+ 35.Kf4 Ke7
36.h4 Ra3 37.Rc5 Kd7 38.Rc2 Rh3 39.Kg4 Rd3 40.Rc4 b5 41.Rb4 h5+ 42.Kg5 Rg3+
43.Kf6 Ra3 44.Rb2 Rg3 45.Rb4 Ra3 46.Rb2 Rh3 47.Kxg6 Rxh4 48.Rd2 Kd6 49.Kg5 Rh3
50.Rf2 Kd5 51.Rf5+ Kxd4 52.a4 Kc4  0-1

[Event "Chemnitz op"]
[Site "Chemnitz"]
[Date "1998.??.??"]
[Round "6"]
[White "Lorenz, Gerd"]
[Black "Lanka, Zigurds"]
[Result "1-0"]
[WhiteElo "2325"]
[BlackElo "2525"]

1.d4 Nf6 2.Bg5 Ne4 3.Bf4 c5 4.dxc5 Nc6 5.Nf3 Nxc5 6.Nc3 Ne6 7.Be3 h6 8.g3 g5
9.h4 g4 10.Nd4 d5 11.Nxe6 fxe6 12.Bg2 Bg7 13.Bd2 Ne5 14.b3 Bd7 15.a4 O-O
16.O-O Qe8 17.Rc1 Bc6 18.Na2 Qh5 19.Nb4 Ng6 20.c4 Rad8 21.cxd5 Bxd5 22.Nxd5 exd5
23.Bb4 Rd7 24.Qd3 Rfd8 25.Qb5 e6 26.Rc8 Rxc8 27.Qxd7 Rc6 28.Qxb7 Rb6 29.Qc8+ Kh7
30.Bc5 Rxb3 31.Qxe6  1-0

[Event "Creon op"]
[Site "Creon"]
[Date "1998.??.??"]
[Round "2"]
[White "Moisan, Fabrice"]
[Black "Grigore, George"]
[Result "0-1"]
[WhiteElo "2185"]
[BlackElo "2480"]

1.d4 Nf6 2.Bg5 Ne4 3.Bf4 c5 4.f3 Qa5+ 5.c3 Nf6 6.d5 Qb6 7.b3 g6 8.e4 Bg7
9.Bc4 d6 10.Ne2 O-O 11.O-O Nbd7 12.a4 Qc7 13.Na3 a6 14.Qd2 Re8 15.Rfd1 Rb8
16.Rac1 b6 17.b4 Bb7 18.Ng3 h5 19.h4 Kh7 20.Be2 Rbd8 21.Bg5 Ne5 22.Nc4 Nxc4
23.Bxc4 Nd7 24.Be2 Rc8 25.Be3 Qb8 26.f4 Rc7 27.b5 c4 28.Rf1 axb5 29.axb5 Bc8
30.Bd4 Nc5 31.Bxg7 Nb3 32.Qe3 Nxc1 33.Qxc1 Kxg7 34.f5 f6 35.fxg6 Rh8 36.Nxh5+ Kxg6
37.Nf4+ Kg7 38.Qe3 Rh6 39.Qg3+ Kh7 40.Bg4 Bxg4 41.Qxg4 Qg8 42.Qf5+ Kh8 43.Ra1 Rc8
44.Ra7 Ra8 45.Ra6 Rb8 46.Ra7 Qg3 47.h5 Qe1+ 48.Kh2 Rg8 49.Rxe7 Qg3+ 50.Kg1 Ra8
51.Ng6+ Rxg6 52.Re8+ Rxe8 53.hxg6 Qe1+ 54.Kh2 Qh4+ 55.Kg1 Re5  0-1

[Event "CZE-chT2 9899"]
[Site "CZE"]
[Date "1998.??.??"]
[Round "?"]
[White "Cech, Pavel"]
[Black "Gregor, Josef"]
[Result "1-0"]
[WhiteElo "2370"]
[BlackElo "2265"]

1.d4 Nf6 2.Bg5 Ne4 3.h4 d5 4.Nd2 Nxg5 5.hxg5 Bf5 6.e3 e6 7.g4 Bg6 8.f4 c5
9.Qf3 f5 10.Bd3 Nc6 11.c3 Qd7 12.Qf2 Qf7 13.Ngf3 fxg4 14.Bxg6 Qxg6 15.Nh4 Qd3
16.Qe2 Qxe2+ 17.Kxe2 h5 18.Ng6 Rh7 19.Rag1 cxd4 20.cxd4 Bb4 21.Rxg4 Bxd2
22.Kxd2 Kf7 23.Nh4 g6 24.Rgg1 Rhh8 25.Rc1 Rac8 26.Rc3 Ne7 27.Rhc1 Rxc3 28.Rxc3 Rc8
29.Rxc8 Nxc8 30.a4 Nd6 31.b3 a5 32.Kd3 b5 33.Nf3 bxa4 34.Ne5+ Kg7 35.bxa4 Nc4
36.Nc6 h4 37.Ke2 h3 38.Kf2 Nxe3 39.Kg3 Ng2 40.Nxa5 Nxf4 41.Nc6 e5 42.Nxe5 Ne2+
43.Kh2  1-0

[Event "CZE-ch U18"]
[Site "CZE"]
[Date "1998.??.??"]
[Round "?"]
[White "Dvorak, Jan"]
[Black "Horacek, D."]
[Result "1-0"]
[WhiteElo "2030"]
[BlackElo "1725"]

1.d4 Nf6 2.Bg5 Ne4 3.Bh4 c5 4.c3 Qb6 5.Qc2 d5 6.f3 Nd6 7.Nd2 cxd4 8.Bf2 Bf5
9.Qa4+ Qc6 10.Qxd4 Nd7 11.Nb3 e5 12.Qd1 Nc4 13.Qc1 Ndb6 14.e3 Be7 15.Ne2 Bd3
16.Ng3 Bxf1 17.Nxf1 Na4 18.Rb1 Qg6 19.Nbd2 Nc5 20.Qd1 Nd3+ 21.Ke2 Qxg2 22.Kxd3 Qxh1
23.Qa4+ Kf8 24.Nxc4 dxc4+ 25.Ke2 e4 26.f4 Qf3+ 27.Ke1 Rd8 28.Qxc4 b6 29.Qc7 b5
30.Qxa7 b4 31.c4 g6 32.Qb7 Bf6 33.Ng3 Bxb2 34.Qxb4+  1-0

[Event "CZE-chT 9899"]
[Site "CZE"]
[Date "1998.??.??"]
[Round "3"]
[White "Vavra, Pavel"]
[Black "Sluka, Radek"]
[Result "1/2-1/2"]
[WhiteElo "2330"]
[BlackElo "2380"]

1.d4 Nf6 2.Bg5 Ne4 3.h4 d5 4.Nd2 h6 5.Nxe4 dxe4 6.Bf4 e6 7.e3 b6 8.Ne2 Bb7
9.Nc3 a6 10.Qg4 Nd7 11.h5 Nf6 12.Qg3 Rc8 13.Be5 Nd7 14.Bf4 Nf6 15.Be5  1/2-1/2